000 01024nam a22003857a 4500
001 BR7313013
003 BR-BrBNA
005 20230928084249.0
007 ta
008 230509b bl.||||| |||| 00| 0 por d
040 _aBR-BrBNA
_bpor
_cBiblioteca Nacional de Agricultura
041 _a(Por)
072 _aE70; L00
_b6100
_b9610
_b/G514
090 _ 6100 BR7313013
110 1 _aBanco do Nordeste do Brasil S.A., Fortaleza, CE. Depto. de Estudos Economicos do Nordeste
_91157
245 1 _aMercado consumidor de aves e ovos em Fortaleza [Ceara, Brasil]
260 3 _aFortaleza, CE (Brasil):
_c1968.
300 _a52 p.
500 _a30 illus.
650 _aAVICULTURA
650 _aOVO
650 _aCARNE
650 _aCRIACAO
650 _aMANEJO
650 _aPLANTEL
650 _aNUTRICAO ANIMAL
650 _aVETERINARIA
650 _aMERCADO
650 _aCONSUMO
650 _aABATE
650 _aFORTALEZA
650 _aCEARA
909 _a202309
_bLucia
_c55
_dLucia Elande
942 _cBK
999 _c17791
_d17791